বাংলাদেশের লোকসাহিত্য : পদ্ধতিগত সমীক্ষা / (Record no. 74039)
[ view plain ]
| 000 -LEADER | |
|---|---|
| fixed length control field | 00938nam a2200241 a 4500 |
| 001 - CONTROL NUMBER | |
| control field | 74039 |
| 003 - CONTROL NUMBER IDENTIFIER | |
| rucl marc code | BD-RjUL |
| 005 - DATE AND TIME OF LATEST TRANSACTION | |
| control field | 20211209082459.0 |
| 008 - FIXED-LENGTH DATA ELEMENTS--GENERAL INFORMATION | |
| fixed length control field | 180130s2016 bg ||||| b||| 00| 0 ben d |
| 020 ## - INTERNATIONAL STANDARD BOOK NUMBER | |
| International Standard Book Number | 9789849186823 |
| Terms of availability | TK. 280.00 |
| 035 ## - SYSTEM CONTROL NUMBER | |
| System control number | (BD-RjUL)74257 |
| 040 ## - CATALOGING SOURCE | |
| Original cataloging agency | BD-RjUL |
| Language of cataloging | eng |
| Transcribing agency | BD-RjUL |
| 041 ## - LANGUAGE CODE | |
| Language code of text/sound track or separate title | ben |
| 082 ## - DEWEY DECIMAL CLASSIFICATION NUMBER | |
| Edition number | 23 |
| Classification number | 398.2095492 |
| Author mark and year | ZAB 2016 |
| 100 ## - MAIN ENTRY--PERSONAL NAME | |
| Personal name | জাহিদ , রওশন |
| 9 (RLIN) | 220032 |
| 245 10 - TITLE STATEMENT | |
| Title | বাংলাদেশের লোকসাহিত্য : পদ্ধতিগত সমীক্ষা / |
| Statement of responsibility, etc. | রওশন জাহিদ |
| 260 ## - PUBLICATION, DISTRIBUTION, ETC. (IMPRINT) | |
| Place of publication, distribution, etc. | ঢাকা : |
| Name of publisher, distributor, etc. | বটেশ্বর বর্ণন , |
| Date of publication, distribution, etc. | ২০১৬ |
| 300 ## - PHYSICAL DESCRIPTION | |
| Pagination | ১৪২ পৃ. ; |
| Size | ২২ সেমি. |
| 504 ## - BIBLIOGRAPHY, ETC. NOTE | |
| Bibliography, etc | গ্রন্থপঞ্জি সম্বলিত |
| 650 ## - SUBJECT ADDED ENTRY--TOPICAL TERM | |
| Topical term or geographic name as entry element | লোক সাহিত্য |
| Geographic subdivision | বাংলাদেশ |
| 9 (RLIN) | 220033 |
| Topical term or geographic name as entry element | Folk literature |
| Geographic subdivision | Bangladesh |
| 9 (RLIN) | 220035 |
| 942 ## - ADDED ENTRY ELEMENTS (KOHA) | |
| Source of classification or shelving scheme | Dewey Decimal Classification |
| Koha item type | Books |
| Lost status | Source of classification or shelving scheme | Damaged status | Not for loan | Collection code | Permanent Location | Current Location | Shelving location | Date acquired | Source of acquisition | Cost, normal purchase price | Total Checkouts | Full call number | Date last seen | Copy number | Koha item type | Total Renewals | Date checked out |
|---|---|---|---|---|---|---|---|---|---|---|---|---|---|---|---|---|---|
| Dewey Decimal Classification | Not For Loan | Non-fiction | Central Library, University of Rajshahi | Central Library, University of Rajshahi | Reading Room | 23/04/2017 | Author | 280.00 | B 398.2095492 JAB 2016 | 30/01/2018 | C-1 | Books | |||||
| Dewey Decimal Classification | Non-fiction | Central Library, University of Rajshahi | Central Library, University of Rajshahi | 30/01/2018 | Author | 280.00 | 3 | B 398.2095492 JAB 2016 | 14/10/2018 | C -3 | Books | 1 | 16/09/2018 | ||||
| Dewey Decimal Classification | Non-fiction | Central Library, University of Rajshahi | Central Library, University of Rajshahi | 30/01/2018 | Author | 280.00 | 5 | B 398.2095492 JAB 2016 | 22/12/2019 | C-4 | Books | 1 | 08/12/2019 | ||||
| Dewey Decimal Classification | Non-fiction | Central Library, University of Rajshahi | Central Library, University of Rajshahi | 30/01/2018 | Author | 280.00 | 3 | B 398.2095492 JAB 2016 | 01/03/2020 | C-5 | Books | 1 | 17/02/2020 | ||||
| Dewey Decimal Classification | Non-fiction | Central Library, University of Rajshahi | Central Library, University of Rajshahi | 30/01/2018 | Author | 280.00 | 2 | B 398.2095492 JAB 2016 | 28/10/2019 | C-2 | Books | 24/10/2019 |